Faithful to science (Record no. 22380)

MARC details
000 -LEADER
fixed length control field 01356cam a2200229 i 4500
020 ## - INTERNATIONAL STANDARD BOOK NUMBER
ISBN 0198716044
020 ## - INTERNATIONAL STANDARD BOOK NUMBER
ISBN 9780198716044
082 04 - DEWEY DECIMAL CLASSIFICATION NUMBER
Classification number 215
Author Cutter STE
100 1# - MAIN ENTRY--AUTHOR NAME
Author name Steane, Andrew M.,
245 10 - TITLE STATEMENT
Title Faithful to science
250 ## - EDITION STATEMENT
Edition statement First edition.
260 ## - PUBLICATION, DISTRIBUTION, ETC. (IMPRINT)
Place of publication United Kingdom
Name of publisher Oxford University Press
Year of publication 2014
300 ## - PHYSICAL DESCRIPTION
Number of Pages viii, 255 pages :
Other physical details illustrations (black and white) ;
505 0# - FORMATTED CONTENTS NOTE
Formatted contents note Part I. Science and nature. Faith and engagement -- Science and faith -- The nature of the physical world -- Autobiographical sketch -- Keeping science -- The book of marvels -- Half way -- Part II. Origins. The argument from design -- Genesis -- Human origins -- Comparing notes -- Final comments -- Appendix: Two legends.
520 8# - SUMMARY, ETC.
Summary, etc Science and religious faith are two of the most important and influential forces in human life, yet there is widespread confusion about how, or indeed whether, they link together. This book describes this combination from the perspective of one who finds that they link together productively and creatively.
650 #0 - SUBJECT ADDED ENTRY--TOPICAL TERM
Topical Term Religion and science.
856 41 - ELECTRONIC LOCATION AND ACCESS
Uniform Resource Identifier http://www.loc.gov/catdir/enhancements/fy1506/2013957450-t.html
856 42 - ELECTRONIC LOCATION AND ACCESS
Uniform Resource Identifier http://www.loc.gov/catdir/enhancements/fy1506/2013957450-d.html
856 42 - ELECTRONIC LOCATION AND ACCESS
Uniform Resource Identifier http://www.loc.gov/catdir/enhancements/fy1506/2013957450-b.html
942 ## - ADDED ENTRY ELEMENTS (KOHA)
Koha item type Books
Holdings
Home library Current library Shelving location Date acquired Full call number Accession Number Koha item type
Henry Martyn Institute Library Henry Martyn Institute Library General stacks 10/24/2018 215 STE 11003745 Books
                   Copyright © 2026 | Henry Martyn Institute | Hyderabad | TS-500052 | INDIA | Implemented by hmi.edu.in
Hit-Count:

Powered by Koha